<?xml version="1.0" encoding="UTF-8"?><?xml-stylesheet type="text/xsl" href="static/style.xsl"?><OAI-PMH xmlns="http://www.openarchives.org/OAI/2.0/" xmlns:xsi="http://www.w3.org/2001/XMLSchema-instance" xsi:schemaLocation="http://www.openarchives.org/OAI/2.0/ http://www.openarchives.org/OAI/2.0/OAI-PMH.xsd"><responseDate>2026-04-17T11:58:28Z</responseDate><request verb="GetRecord" identifier="oai:www.recercat.cat:10459.1/48939" metadataPrefix="marc">https://recercat.cat/oai/request</request><GetRecord><record><header><identifier>oai:recercat.cat:10459.1/48939</identifier><datestamp>2024-12-05T22:20:00Z</datestamp><setSpec>com_2072_3622</setSpec><setSpec>col_2072_479130</setSpec></header><metadata><record xmlns="http://www.loc.gov/MARC21/slim" xmlns:dcterms="http://purl.org/dc/terms/" xmlns:xsi="http://www.w3.org/2001/XMLSchema-instance" xmlns:doc="http://www.lyncode.com/xoai" xsi:schemaLocation="http://www.loc.gov/MARC21/slim http://www.loc.gov/standards/marcxml/schema/MARC21slim.xsd">
   <leader>00925njm 22002777a 4500</leader>
   <datafield ind2=" " ind1=" " tag="042">
      <subfield code="a">dc</subfield>
   </datafield>
   <datafield ind2=" " ind1=" " tag="720">
      <subfield code="a">Alberti, Giancarla</subfield>
      <subfield code="e">author</subfield>
   </datafield>
   <datafield ind2=" " ind1=" " tag="720">
      <subfield code="a">Biesuz, Raffaela</subfield>
      <subfield code="e">author</subfield>
   </datafield>
   <datafield ind2=" " ind1=" " tag="720">
      <subfield code="a">Huidobro Redondo, César</subfield>
      <subfield code="e">author</subfield>
   </datafield>
   <datafield ind2=" " ind1=" " tag="720">
      <subfield code="a">Companys Ferran, Encarnació</subfield>
      <subfield code="e">author</subfield>
   </datafield>
   <datafield ind2=" " ind1=" " tag="720">
      <subfield code="a">Puy Llorens, Jaume</subfield>
      <subfield code="e">author</subfield>
   </datafield>
   <datafield ind2=" " ind1=" " tag="720">
      <subfield code="a">Galceran i Nogués, Josep</subfield>
      <subfield code="e">author</subfield>
   </datafield>
   <datafield ind2=" " ind1=" " tag="260">
      <subfield code="c">2015-11-10T10:33:04Z</subfield>
   </datafield>
   <datafield ind2=" " ind1=" " tag="260">
      <subfield code="c">2015-11-10T10:33:04Z</subfield>
   </datafield>
   <datafield ind2=" " ind1=" " tag="260">
      <subfield code="c">2007</subfield>
   </datafield>
   <datafield ind2=" " ind1=" " tag="260">
      <subfield code="c">2015-11-10T10:33:05Z</subfield>
   </datafield>
   <datafield ind2=" " ind1=" " tag="520">
      <subfield code="a">Absence of gradients and Nernstian equilibrium stripping (AGNES) is an emerging electroanalytical technique designed to measure free metal ion concentration. The practical implementation of AGNES requires a critical selection of the deposition time, which can be drastically reduced if the contribution of the complexes is properly taken into account. The resin titration (RT) is a competition method based on the sorption of metal ions on a complexing resin. The competitor here considered is the resin Chelex 100 whose sorbing properties towards Pb(II) are well known. The RT is a consolidated technique especially suitable to perform an intercomparison with AGNES, due to its independent physicochemical nature. Two different ligands for Pb(II) complexation have been analyzed here: nitrilotriacetic acid (NTA) and pyridinedicarboxylic acid (PDCA). The complex PbNTA is practically inert in the diffusion layer, so, for ordinary deposition potentials, its contribution is almost negligible; however, at potentials more negative than −0.8 V vs. Ag/AgCl the complex dissociates on the electrodic surface giving rise to a second wave in techniques such as normal pulse polarography. The complex Pb&lt;br>PDCA is partially labile, so that its contribution can be estimated from an expression of the lability degree of the complex. These new strategies allow us to reduce the deposition time. The free Pb(II) concentrations obtained by AGNES and by RT are in full agreement for both systems here considered. The main advantage of the use of AGNES in these systems lies in the reduction of the time of the experiment, while RT can be applied to non-amalgamating elements and offers the possibility of simultaneous determinations.</subfield>
   </datafield>
   <datafield ind1="8" ind2=" " tag="024">
      <subfield code="a">http://hdl.handle.net/10459.1/48939</subfield>
   </datafield>
   <datafield tag="653" ind2=" " ind1=" ">
      <subfield code="a">Plom</subfield>
   </datafield>
   <datafield tag="653" ind2=" " ind1=" ">
      <subfield code="a">Especiació (Química)</subfield>
   </datafield>
   <datafield tag="653" ind2=" " ind1=" ">
      <subfield code="a">Complexometria</subfield>
   </datafield>
   <datafield tag="653" ind2=" " ind1=" ">
      <subfield code="a">Lead</subfield>
   </datafield>
   <datafield tag="653" ind2=" " ind1=" ">
      <subfield code="a">Speciation (Chemistry)</subfield>
   </datafield>
   <datafield tag="653" ind2=" " ind1=" ">
      <subfield code="a">Complexometric titration</subfield>
   </datafield>
   <datafield ind2="0" ind1="0" tag="245">
      <subfield code="a">A comparison between the determination of free Pb(II) by two techniques: Absence of gradients and Nernstian equilibrium stripping and resin titration</subfield>
   </datafield>
</record></metadata></record></GetRecord></OAI-PMH>